| 000 | 00412nam a2200157Ia 4500 | ||
|---|---|---|---|
| 008 | 230917s9999||||xx |||||||||||||| ||und|| | ||
| 040 |
_e103143 _aMAIN |
||
| 041 | _aEnglish | ||
| 082 | _a658.409 D536L | ||
| 100 | _aDhar, Upinder, Ed | ||
| 245 | 0 | _aLocal champions to global masters: moiblising for growth | |
| 250 | _a1st ed. | ||
| 260 |
_aNew Delhi _bExcel Books _c2002 |
||
| 300 | _a457p p. | ||
| 942 | _cBK | ||
| 999 |
_c111127 _d111127 |
||